Prawa i wolności obywatelskie w procesie transformacji ustrojowej materiały z Międzynarodowej Konferencji Naukowej (Sieniawa 22-23 kwietnia 1996)

Bibliographic Details
Other Authors: Zięba-Załucka, Halina (Editor), Bujňáková, Mária, 1952-
Format: Book
Language:Polish
Published: Rzeszów Uniwersytet Marii Curie-Skłodowskiej 1997
Subjects:

MARC

LEADER 00000nam a2200000 a 4500
001 vtls001379599
003 SK-MaSNL
005 20260301011313.0
008 240226s1997 pl a r y pol
015 |a SNBZSA2000-00057 
020 |a 838723205X 
035 |a SNK000333575 
035 |a urn:nbn:sk:snk-amkkhf 
035 |a urn:nbn:sk:snk-am003v71 
035 |a AC51F3A9-DF50-4981-A6D9-CD4E84CDC5FE 
040 |a SNK  |b slo  |c SNK  |e AACR2 
041 0 |a pol 
044 |a pl  |c PL 
080 |a 342.7(082)=84  |2 1981 
080 |a 347.7  |2 1981 
245 0 0 |a Prawa i wolności obywatelskie w procesie transformacji ustrojowej  |b materiały z Międzynarodowej Konferencji Naukowej (Sieniawa 22-23 kwietnia 1996)  |c pod redakcją Haliny Zięby-Załuckiej 
260 |a Rzeszów  |b Uniwersytet Marii Curie-Skłodowskiej  |c 1997 
300 |a 130 s.  |c 23 cm 
500 |a Text aj slov. 
504 |a Bibliogr. odkazy 
505 0 |a Obsahuje aj: Bujňáková, Mária. Nová daňová sústava SR v procese transformácie ekonomiky 
650 0 7 |a práva ľudské  |x zborníky  |2 SNK  |9 294494 
650 0 7 |a právo občianske  |z Poľsko  |x zborníky  |2 SNK  |9 294495 
650 0 7 |a právo hospodárske  |x zborníky  |2 SNK  |9 290176 
700 1 |a Zięba-Załucka, Halina  |4 edt  |9 294496 
700 1 2 |a Bujňáková, Mária,  |d 1952-  |t Nová daňová sústava SR v procese transformácie ekonomiky  |9 294497 
919 |a 83-87232-05-X 
958 |a ZS 
958 |a TL 
958 |a PL 
958 |a NB 
958 |a ZB 
999 |c 550521  |d 552451 
952 |t P60, <03>, [BOOK], {603}  |a SNK  |b SNK  |y PREZ  |7 0  |p 17A0228089  |o snkSC 100870  |i snkV 255/2000  |0 0  |1 0  |4 0  |d 2000-02-15  |f 1  |l 0  |r 2025-09-19 00:00:00  |w 2026-02-23